000 00260nam a22001217a 4500
008 181017b xxu||||| |||| 00| 0 eng d
041 _aeng
080 _27 Ed
_a510
100 _a37
101 _aMAT
245 _aPrecallculus
_cBarnet.Z
942 _2udc
_cBK
999 _c50031
_d50031